|
|
|
|
| LEADER |
00771nam a22002297a 4500 |
| 001 |
AAL4606 |
| 003 |
BD-DhAAL |
| 005 |
20151231224658.0 |
| 008 |
151231b ii ||||| |||| 00| 0 eng d |
| 020 |
|
|
|a 8172450397
|
| 040 |
|
|
|a BD-DhAAL
|c BD-DhAAL
|
| 082 |
|
|
|a 808/.066651
|
| 100 |
|
|
|a Nelson, Jens
|9 17124
|
| 245 |
|
|
|a How to write impressive business letters /
|c Jens Nelson
|
| 260 |
|
|
|a New Delhi :
|b Goodwill Pub.,
|
| 300 |
|
|
|a xii, 236 p. ;
|c 22 cm.
|
| 541 |
|
|
|e 4606
|
| 650 |
|
|
|a Business writing.
|9 17125
|
| 650 |
|
|
|a Commercial correspondence.
|9 17126
|
| 942 |
|
|
|2 ddc
|c BK
|
| 999 |
|
|
|c 36525
|d 36525
|
| 952 |
|
|
|0 0
|1 0
|2 ddc
|4 0
|6 808_000000000000000__066651_NEL
|7 0
|9 57465
|a SCL
|b SCL
|c GEN
|d 2015-12-31
|l 1
|o 808.066651 NEL
|p 3020004606
|r 2022-08-24
|s 2022-08-17
|t 1
|w 2015-12-31
|y BK
|